Полковник В.К. Манакин и Саратовский корпус (Запись № 12026053)

Подробности
000 -МАРКЕР
контрольное поле 01888nam0a2200373 4500
001 - ИДЕНТИФИКАТОР ЗАПИСИ
контрольное поле RU\NLR\BIBL_A\011835089
005 - ИДЕНТИФИКАТОР ВЕРСИИ
контрольное поле 20181126151830.0
010 ## - МЕЖДУНАРОДНЫЙ СТАНДАРТНЫЙ НОМЕР КНИГИ (ISBN)
Номер (ISBN) 978-5-591022-363-3
Тираж 300
021 ## - НОМЕР ГОСУДАРСТВЕННОЙ РЕГИСТРАЦИИ
Код страны Российская Федерация
Номер КН-П-18-071359
Номер Листа государственной регистраци КН-П-18-5141
035 ## - ДРУГИЕ СИСТЕМНЫЕ НОМЕРА
Идентификатор записи (NLR Aleph) 011835089
035 ## - ДРУГИЕ СИСТЕМНЫЕ НОМЕРА
Идентификатор записи (RuMoRGB)009751797
100 ## - ДАННЫЕ ОБЩЕЙ ОБРАБОТКИ
Данные общей обработки 20181022d2018 k y0rusy50 ca
101 0# - ЯЗЫК РЕСУРСА
Язык текста, звукозаписи и т.д. русский
102 ## - СТРАНА ПУБЛИКАЦИИ ИЛИ ПРОИЗВОДСТВА
Страна публикации Российская Федерация
105 ## - ПОЛЕ КОДИРОВАННЫХ ДАННЫХ: ТЕКСТОВЫЕ МАТЕРИАЛЫ, МОНОГРАФИЧЕСКИЕ
Кодированные данные о монографическом текстовом документе cbhz|||000zy
200 1# - ЗАГЛАВИЕ И СВЕДЕНИЯ ОБ ОТВЕТСТВЕННОСТИ
Основное заглавие Полковник В.К. Манакин и Саратовский корпус
Сведения, относящиеся к заглавию эпизод гражданской войны
-- [монография]
Первые сведения об ответственности А.В. Посадский
Последующие сведения об ответственности [Ассоциация исследователей российского общества АИРО-XXI, Проект Стивена Коэна и Катрины ванден Хювел]
210 ## - ПУБЛИКАЦИЯ, РАСПРОСТРАНЕНИЕ И ДР.
Место издания, распространения и т.д. Москва
Имя издателя, распространителя и т. д. АИРО-XXI
Дата издания, распространения и т.д. 2018
215 ## - ФИЗИЧЕСКАЯ ХАРАКТЕРИСТИКА
Специфическое обозначение материала и объем 515 с., [12] л. ил., портр., карт., факс.
Размеры 23
225 1# - СЕРИЯ
Основное заглавие серии Эпоха революций в России. XX век
225 1# - СЕРИЯ
Основное заглавие серии Серия "АИРО-Моногрфия"
Сведения об ответственности под ред. Г.А. Бордюгова
320 ## - ПРИМЕЧАНИЯ О НАЛИЧИИ В ДОКУМЕНТЕ БИБЛИОГРАФИИ / УКАЗАТЕЛЯ
Текст примечания Библиогр. в конце гл. в примеч.
600 #1 - ИМЯ ЛИЦА КАК ПРЕДМЕТ
Начальный элемент ввода Манакин
Часть имени, кроме начального элемента ввода В.К.
Даты 1887 - 1964
Расширение инициалов личного имени Виктор Константинович
Системный номер авторитетной/нормативной записи 2388568
Идентификатор авторитетной/нормативной записи RU\NLR\AUTH\6601645116
601 01 - НАИМЕНОВАНИЕ ОРГАНИЗАЦИИ КАК ПРЕДМЕТ
Начальный элемент ввода Саратовский корпус
Идентифицирующий признак 1918 - 1919
Системный номер авторитетной/нормативной записи 2388567
Идентификатор авторитетной/нормативной записи RU\NLR\AUTH\6601645115
686 1# - ИНДЕКСЫ ДРУГИХ КЛАССИФИКАЦИЙ
Индекс Т3(2)712.9-497
686 1# - ИНДЕКСЫ ДРУГИХ КЛАССИФИКАЦИЙ
Индекс Ц35(2)712-4,2
700 #1 - ИМЯ ЛИЦА - ПЕРВИЧНАЯ ОТВЕТСТВЕННОСТЬ
Начальный элемент ввода Посадский
Часть имени, кроме начального элемента ввода А. В.
Расширение инициалов личного имени Александр Владимирович
702 #1 - ИМЯ ЛИЦА - ВТОРИЧНАЯ ОТВЕТСТВЕННОСТЬ
Начальный элемент ввода Манакин
Часть имени, кроме начального элемента ввода В. К.
Даты 1887-1964
Расширение инициалов личного имени Виктор Константинович
Код отношения Прочие
942 ## - ДОПОЛНИТЕЛЬНЫЕ ЭЛЕМЕНТЫ ЗАПИСИ (АБИС)
Тип экземпляра АБИС Книга
980 ## - КОЛЛЕКЦИЯ
Название коллекции НБР
980 ## - КОЛЛЕКЦИЯ
Название коллекции Национальная библиография

Нет доступных экземпляров.